000 01341nam a2200349 a 4500
001 000043521
003 DO-SdBNP
005 20260428073714.0
008 140324s 2011 dr 000 j spa d
020 _a9789945412512
040 _aDO-SdBNP
_bspa
_cBNPHU
082 _aBNPHU PD RD863.44
_bP925pr, 2010
111 2 _aPremios Funglode
_d(2010 :
_cSanto Domingo)
_971247
245 1 0 _aPremio de cuento Juan Bosch /
_cFanny Vargas Baustista, Rubén Sánchez.
260 _aSanto Domingo :
_bFUNGLODE,
_c2011.
300 _a64 p. ;
_c26 cm.
490 1 _aPremios Funglode /GFDD 2010
_acuento
505 0 _gPrimer y segundo lurgar --
_tEl intercambio /
_tHierofante
_rFanny Vargas Bautista
_gTercer lugar --
_tEn la Mira/
_rRubén Sánchez
586 _aPremios Funglode 2010
590 _aInventariado, 2019/VM
650 1 0 _aCuentos dominicanos
_9176
650 1 0 _aLiteratura dominicana.
_967
650 1 4 _aCertámenes literarios
_91541
650 1 0 _aPremios literarios
_91542
700 1 2 _aVargas Bautista, Fanny
_tEl intercambio
_971248
700 1 2 _aVargas Bautista, Fanny
_tHierofante
_971249
700 1 2 _aSánchez, Rubén
_tEn la mira
_971250
710 2 2 _aFundación Global Democracía y Desarrollo
_925477
830 0 _aPremios Funglode / GFDD 2010
_pcuento
_971251
910 _aValidado. Control de calidad MFF
942 _2ddc
_cLBS1
999 _c43010
_d43010